000 00596cam a2200145 4500500
005 20260322003338.0
041 _afre
042 _adc
100 1 0 _aChukurian, Aurélien
_eauthor
245 0 0 _aSarah Scholl y Daniela Solfaroli Camillocci (eds.) Jours de gloire et de tristesse. Une histoire extraordinaire de la Révolution par un Parisien ordinaire. Labor et Fides, 2024, 120 páginas, 19 €.
260 _c2025.
500 _a9
786 0 _nÉtudes | Jui | 6 | 2025-05-21 | p. 127-128
856 4 1 _uhttps://shs.cairn.info/revista-etudes-2025-6-page-127?lang=es&redirect-ssocas=7080
999 _c1731176
_d1731176